Порошки Al2O3-ZrO2-Y2O3, полученные из цитратных суспензий на установке Nano Spray Dryer B-90; Химия и химическая технология в XXI веке

Dades bibliogràfiques
Parent link:Химия и химическая технология в XXI веке.— 2017.— [С. 81-82]
Autor principal: Нечкасов И. С.
Autor corporatiu: Национальный исследовательский Томский политехнический университет
Altres autors: Илела А. Э. Алфа Эдисон (научный руководитель), Лямина Г. В. Галина Владимировна
Sumari:Заглавие с экрана
Idioma:rus
Publicat: 2017
Col·lecció:Химия и химическая технология неорганических веществ и материалов
Matèries:
Accés en línia:http://earchive.tpu.ru/handle/11683/41608
Format: MixedMaterials Electrònic Capítol de llibre
KOHA link:https://koha.lib.tpu.ru/cgi-bin/koha/opac-detail.pl?biblionumber=622818

MARC

LEADER 00000naa2a2200000 4500
001 622818
005 20251124150950.0
035 |a (RuTPU)RU\TPU\conf\21634 
035 |a RU\TPU\conf\21633 
090 |a 622818 
100 |a 20170711d2017 k y0rusy50 ca 
101 0 |a rus 
102 |a RU 
105 |a y z 101zy 
135 |a drgn ---uucaa 
181 0 |a i  
182 0 |a b 
200 1 |a Порошки Al2O3-ZrO2-Y2O3, полученные из цитратных суспензий на установке Nano Spray Dryer B-90  |f И. С. Нечкасов, А. Э. Илела  |g науч. рук. Г. В. Лямина 
203 |a Текст  |c электронный 
225 1 |a Химия и химическая технология неорганических веществ и материалов 
300 |a Заглавие с экрана 
320 |a [Библиогр.: с. 82 (3 назв.)] 
463 0 |0 (RuTPU)RU\TPU\conf\21448  |t Химия и химическая технология в XXI веке  |o материалы XVIII Международной научно-практической конференции студентов и молодых ученых имени профессора Л.П. Кулёва, 29 мая-1 июня 2017 г., г. Томск  |f Национальный исследовательский Томский политехнический университет (ТПУ) ; Институт природных ресурсов (ИПР) ; Институт физики высоких технологий (ИФВТ) ; Физико-технический институт (ФТИ)  |v [С. 81-82]  |d 2017 
610 1 |a труды учёных ТПУ 
610 1 |a электронный ресурс 
610 1 |a керамика 
610 1 |a трещиностойкость 
610 1 |a синтез 
610 1 |a порошки 
610 1 |a композиционные порошки 
700 1 |a Нечкасов  |b И. С. 
701 1 |a Илела  |b А. Э.  |c специалист в области материаловедения  |c ассистент кафедры Томского политехнического университета  |f 1982-  |g Алфа Эдисон  |3 (RuTPU)RU\TPU\pers\34958  |9 18276 
702 1 |a Лямина  |b Г. В.  |c химик  |c доцент Томского политехнического университета, кандидат химических наук  |f 1974-  |g Галина Владимировна  |4 727 
712 0 2 |a Национальный исследовательский Томский политехнический университет  |c (2009- )  |9 26305 
801 2 |a RU  |b 63413507  |c 20170726  |g RCR 
856 4 |u http://earchive.tpu.ru/handle/11683/41608 
942 |c BK